000 00851cam a22002291 4500
001 af 47005627
003 DLC
005 20260227110833.0
008 721227s1946 xx 000 0 ger
010 _aaf 47005627
035 _a(OCoLC)525577
040 _aDLC
_cOAU
_dDLC
042 _apremarc
050 0 0 _aPT2617.A4
_bM6
100 1 _aHaushofer, Albrecht,
_d1903-1945.
245 1 0 _aMoabiter sonette.
260 _aBerlin,
_bL. Blanvalet,
_c1946.
300 _a89 p.
_c21 cm.
500 _aBiographical sketch of the author signed: Rainer Hildebrandt.
500 _a"Die letzten gedichte Albrecht Haushofers, der sein leben opferte, weil er ein mensch war und die freiheit über sein leben stellte. Aus der hand des toten empfangen, legen sie zeugnis ab für den geist, der ihn bewegte."--1st prelim. leaf.
700 1 _aHildebrandt, Rainer.
999 _c3210
_d3210